000 00603nam a2200229Ia 4500
003 OSt
005 20220925191906.0
006 a|||||r|||| 00| 0
007 ta
008 220923b |||||||| |||| 00| 0 eng d
037 _cGeneral Book
040 _aRTL
_cRTL
_beng
041 _2eng
_aeng
082 _aX91.42.N6, K7
100 _aVepa Ram K
245 0 _aSmall industries in Japan
260 _aBombay
_bVora & Co. India
_c1967
300 _ax,237p.
_ccm.
650 _aIndustries
_9148352
942 _hX91.42.N6, K7
_cGB
_2CC
999 _c520229
_d520229